000 00326nam a22001217a 4500
008 230627b xxu||||| |||| 00| 0 eng d
082 _a338.17
_bETH
100 _cD. M. Etherington
245 _aSmallholder Tea Production in Kenya
260 _aNairobi
_bEast African Literature Bureau
300 _aXIII,147p
942 _2ddc
_cBK
999 _c2918
_d2918